000 00677nam a22002417a 4500
001 BR6003983
003 BR-BrBNA
005 20230928083159.0
007 ta
008 230509b bl.||||| |||| 00| 0 por d
040 _aBR-BrBNA
_bpor
_cBiblioteca Nacional de Agricultura
041 _a(Por)
072 _aE70
_b/G514
090 _ E70 BR6003983
110 1 _aBanco do Brasil S.A., Rio de Janeiro, GB. Carteira de Comercio Exterior
_91107
245 1 _aImportar nao e dificil [Brasil]
260 3 _aRio de Janeiro, GB (Brasil):
_c1971.
300 _a82 p.
650 _aComercializacao
650 _aImportacao
909 _a202309
_bLucia
_c55
_dLucia Elande
942 _cBK
999 _c12011
_d12011